Resistance of the Sensible World : An Introduction to Merleau-Ponty /
An introduction to the philosophy of Maurice Merleau-Ponty (1908-1961) which guides through the three main phases of his work. Both for beginners and for confirmed scholars.
| Autor principal: | |
|---|---|
| Otros Autores: | |
| Formato: | Electrónico eBook |
| Idioma: | Inglés Francés |
| Publicado: |
New York :
Fordham University Press,
2017.
|
| Edición: | First edition. |
| Colección: | Book collections on Project MUSE.
|
| Temas: | |
| Acceso en línea: | Texto completo |
MARC
| LEADER | 00000cam a22000004a 4500 | ||
|---|---|---|---|
| 001 | musev2_52298 | ||
| 003 | MdBmJHUP | ||
| 005 | 20230905045559.0 | ||
| 006 | m o d | ||
| 007 | cr||||||||nn|n | ||
| 008 | 170531s2017 nyu o 00 0 eng d | ||
| 020 | |a 9780823275700 | ||
| 020 | |z 9780823275687 | ||
| 020 | |z 0823275701 | ||
| 035 | |a (OCoLC)987086422 | ||
| 040 | |a MdBmJHUP |c MdBmJHUP | ||
| 041 | 1 | |a eng |h fre | |
| 100 | 1 | |a Alloa, Emmanuel, |e author. | |
| 240 | 1 | 0 | |a Resistance du sensible. |l English |
| 245 | 1 | 0 | |a Resistance of the Sensible World : |b An Introduction to Merleau-Ponty / |c Emmanuel Alloa ; translated by Jane Marie Todd. |
| 250 | |a First edition. | ||
| 264 | 1 | |a New York : |b Fordham University Press, |c 2017. | |
| 264 | 3 | |a Baltimore, Md. : |b Project MUSE, |c 2017 | |
| 264 | 4 | |c ©2017. | |
| 300 | |a 1 online resource (152 pages). | ||
| 336 | |a text |b txt |2 rdacontent | ||
| 337 | |a computer |b c |2 rdamedia | ||
| 338 | |a online resource |b cr |2 rdacarrier | ||
| 490 | 0 | |a Perspectives in continental philosophy | |
| 500 | |a Translated from the French. | ||
| 505 | 0 | |a Return to the obvious -- Perception -- Language -- Ontology of the visible -- Toward dia-phenomenology. | |
| 520 | |a An introduction to the philosophy of Maurice Merleau-Ponty (1908-1961) which guides through the three main phases of his work. Both for beginners and for confirmed scholars. | ||
| 588 | |a Description based on print version record. | ||
| 600 | 1 | 7 | |a Merleau-Ponty, Maurice, |d 1908-1961. |2 fast |0 (OCoLC)fst00035769 |
| 600 | 1 | 1 | |a Merleau-Ponty, Maurice, |d 1908-1961. |
| 600 | 1 | 0 | |a Merleau-Ponty, Maurice, |d 1908-1961. |
| 650 | 7 | |a Philosophy, Modern. |2 fast |0 (OCoLC)fst01061071 | |
| 650 | 7 | |a Philosophy, French. |2 fast |0 (OCoLC)fst01060959 | |
| 650 | 7 | |a Phenomenology. |2 fast |0 (OCoLC)fst01060522 | |
| 650 | 7 | |a LITERARY CRITICISM |x Semiotics & Theory. |2 bisacsh | |
| 650 | 7 | |a PHILOSOPHY |x History & Surveys |x Modern. |2 bisacsh | |
| 650 | 6 | |a Phenomenologie |x Histoire. | |
| 650 | 6 | |a Philosophie française |y 20e siecle. | |
| 650 | 0 | |a Phenomenology |x History. | |
| 650 | 0 | |a Philosophy, Modern. | |
| 650 | 0 | |a Philosophy, French |y 20th century. | |
| 655 | 7 | |a History. |2 fast |0 (OCoLC)fst01411628 | |
| 655 | 7 | |a Electronic books. |2 local | |
| 700 | 1 | |a Todd, Jane Marie, |d 1957- |e translator. | |
| 710 | 2 | |a Project Muse. |e distributor | |
| 830 | 0 | |a Book collections on Project MUSE. | |
| 856 | 4 | 0 | |z Texto completo |u https://projectmuse.uam.elogim.com/book/52298/ |
| 945 | |a Project MUSE - Custom Collection | ||
| 945 | |a Project MUSE - 2017 Complete | ||
| 945 | |a Project MUSE - 2017 Philosophy and Religion | ||


